Statistics for 1957 College Football AP Poll

Click here to take the quiz!

General Stats

  • This quiz has been taken 15 times
  • The average score is 186 of 241

Answer Stats

WeekRankTeamWLTConference% Correct
Week 5 (10/21)20Michigan31Big Ten
100%
Week 4 (10/14)18Michigan21Big Ten
100%
Week 2 (9/30)10Michigan10Big Ten
100%
Preseason6Michigan00Big Ten
100%
Week 7 (11/4)11Michigan411Big Ten
100%
Week 9 (11/18)19Michigan521Big Ten
100%
Week 1 (9/23)10Michigan00Big Ten
100%
Week 3 (10/7)6Michigan20Big Ten
100%
Week 8 (11/11)18Michigan421Big Ten
100%
Week 6 (10/28)12Michigan41Big Ten
100%
Preseason17Ohio State00Big Ten
100%
Week 9 (11/18)3Ohio State71Big Ten
100%
Week 7 (11/4)6Ohio State51Big Ten
100%
Week 10 (11/25)2Ohio State81Big Ten
100%
Week 8 (11/11)6Ohio State61Big Ten
100%
Week 6 (10/28)8Ohio State41Big Ten
100%
Week 11 (12/2)2Ohio State81Big Ten
100%
Week 5 (10/21)12Ohio State31Big Ten
100%
Week 2 (9/30)20Texas20Southwest
100%
Week 11 (12/2)11Texas63Southwest
100%
Week 1 (9/23)13Texas10Southwest
100%
Week 5 (10/21)19Texas32Southwest
100%
Week 6 (10/28)13Texas42Southwest
100%
Preseason19USC00Pacific Coast
100%
Week 8 (11/11)3Auburn70SEC
92%
Week 6 (10/28)4Auburn50SEC
92%
Week 7 (11/4)3Auburn60SEC
92%
Week 2 (9/30)7Auburn10SEC
92%
Week 5 (10/21)5Auburn40SEC
92%
Week 9 (11/18)2Auburn80SEC
92%
Preseason15Auburn00SEC
92%
Week 10 (11/25)1Auburn90SEC
92%
Week 3 (10/7)9Auburn20SEC
92%
Week 4 (10/14)9Auburn30SEC
92%
Week 11 (12/2)1Auburn100SEC
92%
Week 11 (12/2)17Florida621SEC
92%
Week 6 (10/28)19Florida31SEC
92%
Week 10 (11/25)20Florida521SEC
92%
Week 6 (10/28)6Michigan State41Big Ten
92%
Week 4 (10/14)1Michigan State30Big Ten
92%
Week 5 (10/21)8Michigan State31Big Ten
92%
Week 3 (10/7)2Michigan State20Big Ten
92%
Week 7 (11/4)4Michigan State51Big Ten
92%
Week 8 (11/11)4Michigan State61Big Ten
92%
Week 2 (9/30)2Michigan State10Big Ten
92%
Week 1 (9/23)4Michigan State00Big Ten
92%
Week 9 (11/18)1Michigan State71Big Ten
92%
Week 11 (12/2)3Michigan State81Big Ten
92%
Preseason3Michigan State00Big Ten
92%
Week 10 (11/25)3Michigan State81Big Ten
92%
Week 10 (11/25)12Notre Dame53Independent
92%
Week 3 (10/7)12Notre Dame20Independent
92%
Week 6 (10/28)5Notre Dame40Independent
92%
Week 11 (12/2)10Notre Dame631Independent
92%
Week 5 (10/21)7Notre Dame30Independent
92%
Week 4 (10/14)8Notre Dame30Independent
92%
Week 9 (11/18)9Notre Dame52Independent
92%
Week 2 (9/30)16Notre Dame10Independent
92%
Week 7 (11/4)15Notre Dame41Independent
92%
Preseason18Notre Dame00Independent
92%
Week 1 (9/23)18Penn State00Independent
92%
Preseason16Penn State00Independent
92%
Week 2 (9/30)19UCLA20Pacific Coast
92%
Week 5 (10/21)15UCLA41Pacific Coast
92%
Week 3 (10/7)17Georgia Tech101SEC
85%
Week 2 (9/30)14Georgia Tech101SEC
85%
Week 7 (11/4)18Georgia Tech321SEC
85%
Preseason11Georgia Tech00SEC
85%
Week 1 (9/23)3Georgia Tech10SEC
85%
Week 6 (10/28)3Iowa50Big Ten
85%
Week 4 (10/14)6Iowa30Big Ten
85%
Week 11 (12/2)6Iowa711Big Ten
85%
Week 8 (11/11)5Iowa601Big Ten
85%
Week 3 (10/7)8Iowa20Big Ten
85%
Preseason9Iowa00Big Ten
85%
Week 10 (11/25)6Iowa711Big Ten
85%
Week 7 (11/4)5Iowa501Big Ten
85%
Week 1 (9/23)12Iowa00Big Ten
85%
Week 9 (11/18)8Iowa611Big Ten
85%
Week 5 (10/21)3Iowa40Big Ten
85%
Week 2 (9/30)8Iowa10Big Ten
85%
Week 5 (10/21)14Minnesota31Big Ten
85%
Preseason4Minnesota00Big Ten
85%
Week 2 (9/30)3Minnesota10Big Ten
85%
Week 4 (10/14)4Minnesota30Big Ten
85%
Week 1 (9/23)6Minnesota00Big Ten
85%
Week 3 (10/7)4Minnesota20Big Ten
85%
Week 3 (10/7)18North Carolina21ACC
85%
Week 4 (10/14)14North Carolina31ACC
85%
Week 6 (10/28)2Oklahoma50Big Seven
85%
Week 11 (12/2)4Oklahoma91Big Seven
85%
Week 7 (11/4)2Oklahoma60Big Seven
85%
Week 10 (11/25)5Oklahoma81Big Seven
85%
Week 8 (11/11)2Oklahoma70Big Seven
85%
Week 9 (11/18)6Oklahoma71Big Seven
85%
Week 5 (10/21)1Oklahoma40Big Seven
85%
Preseason1Oklahoma00Big Seven
85%
Week 4 (10/14)2Oklahoma30Big Seven
85%
Week 3 (10/7)1Oklahoma20Big Seven
85%
Week 1 (9/23)1Oklahoma10Big Seven
85%
Week 2 (9/30)1Oklahoma10Big Seven
85%
Week 7 (11/4)14Ole Miss61SEC
85%
Week 1 (9/23)18Ole Miss10SEC
85%
Week 2 (9/30)15Ole Miss20SEC
85%
Week 11 (12/2)7Ole Miss81SEC
85%
Week 3 (10/7)14Ole Miss30SEC
85%
Week 8 (11/11)8Ole Miss71SEC
85%
Week 6 (10/28)14Ole Miss51SEC
85%
Week 4 (10/14)11Ole Miss40SEC
85%
Week 9 (11/18)5Ole Miss81SEC
85%
Week 10 (11/25)7Ole Miss81SEC
85%
Week 5 (10/21)6Ole Miss50SEC
85%
Preseason2Texas A&M00Southwest
85%
Week 7 (11/4)1Texas A&M70Southwest
85%
Week 3 (10/7)3Texas A&M30Southwest
85%
Week 1 (9/23)2Texas A&M10Southwest
85%
Week 6 (10/28)1Texas A&M60Southwest
85%
Week 4 (10/14)3Texas A&M40Southwest
85%
Week 9 (11/18)4Texas A&M81Southwest
85%
Week 10 (11/25)4Texas A&M81Southwest
85%
Week 11 (12/2)9Texas A&M82Southwest
85%
Week 8 (11/11)1Texas A&M80Southwest
85%
Week 5 (10/21)2Texas A&M50Southwest
85%
Week 2 (9/30)5Texas A&M20Southwest
85%
Week 9 (11/18)17Arizona State80Border Conference
77%
Week 10 (11/25)11Arizona State90Border Conference
77%
Week 11 (12/2)12Arizona State100Border Conference
77%
Week 6 (10/28)18Colorado321Big Seven
77%
Week 4 (10/14)17LSU31SEC
77%
Week 5 (10/21)10LSU41SEC
77%
Preseason14Miami00Independent
77%
Week 8 (11/11)12Mississippi State52SEC
77%
Week 9 (11/18)14Mississippi State62SEC
77%
Week 7 (11/4)17Mississippi State51SEC
77%
Week 11 (12/2)14Mississippi State621SEC
77%
Week 10 (11/25)13Mississippi State62SEC
77%
Week 11 (12/2)15NC State712ACC
77%
Week 9 (11/18)20NC State612ACC
77%
Week 10 (11/25)15NC State712ACC
77%
Week 5 (10/21)11NC State401ACC
77%
Week 2 (9/30)13NC State20ACC
77%
Week 6 (10/28)10NC State402ACC
77%
Week 8 (11/11)19NC State512ACC
77%
Week 3 (10/7)13NC State30ACC
77%
Week 4 (10/14)12NC State40ACC
77%
Week 7 (11/4)10NC State502ACC
77%
Week 7 (11/4)13Oregon61Pacific Coast
77%
Week 8 (11/11)16Oregon62Pacific Coast
77%
Week 5 (10/21)18Oregon41Pacific Coast
77%
Week 9 (11/18)15Oregon72Pacific Coast
77%
Week 6 (10/28)15Oregon51Pacific Coast
77%
Week 1 (9/23)16Stanford10Pacific Coast
77%
Week 2 (9/30)17Stanford20Pacific Coast
77%
Week 1 (9/23)8Tennessee00SEC
77%
Week 10 (11/25)18Tennessee63SEC
77%
Week 9 (11/18)12Tennessee62SEC
77%
Week 11 (12/2)13Tennessee73SEC
77%
Week 6 (10/28)17Tennessee41SEC
77%
Week 3 (10/7)19Tennessee11SEC
77%
Preseason5Tennessee00SEC
77%
Week 8 (11/11)7Tennessee61SEC
77%
Week 7 (11/4)9Tennessee51SEC
77%
Week 8 (11/11)14Clemson52ACC
69%
Week 11 (12/2)16Duke622ACC
69%
Week 4 (10/14)5Duke40ACC
69%
Week 2 (9/30)4Duke20ACC
69%
Week 7 (11/4)16Duke511ACC
69%
Week 5 (10/21)4Duke50ACC
69%
Week 1 (9/23)7Duke10ACC
69%
Week 8 (11/11)11Duke512ACC
69%
Week 10 (11/25)16Duke622ACC
69%
Week 3 (10/7)5Duke30ACC
69%
Week 9 (11/18)11Duke612ACC
69%
Preseason10Duke00ACC
69%
Week 6 (10/28)7Duke501ACC
69%
Week 8 (11/11)15Illinois34Big Ten
69%
Week 5 (10/21)16Illinois22Big Ten
69%
Week 1 (9/23)15SMU10Southwest
69%
Week 8 (11/11)17TCU421Southwest
69%
Week 2 (9/30)18TCU101Southwest
69%
Week 3 (10/7)11Arkansas30Southwest
62%
Week 6 (10/28)11Arkansas51Southwest
62%
Week 7 (11/4)12Arkansas52Southwest
62%
Week 4 (10/14)10Arkansas40Southwest
62%
Week 11 (12/2)18Army72Independent
62%
Week 9 (11/18)10Army71Independent
62%
Week 6 (10/28)9Army41Independent
62%
Week 8 (11/11)10Army61Independent
62%
Week 10 (11/25)10Army71Independent
62%
Week 4 (10/14)19Army21Independent
62%
Week 3 (10/7)10Army20Independent
62%
Week 2 (9/30)12Army10Independent
62%
Week 7 (11/4)8Army51Independent
62%
Week 5 (10/21)9Army31Independent
62%
Preseason20Kentucky00SEC
62%
Week 7 (11/4)19Missouri511Big Seven
62%
Week 1 (9/23)16Pittsburgh01Independent
62%
Week 4 (10/14)16Pittsburgh31Independent
62%
Preseason8Pittsburgh00Independent
62%
Week 3 (10/7)20Pittsburgh21Independent
62%
Week 4 (10/14)19Washington State31Pacific Coast
62%
Week 9 (11/18)18Wisconsin53Big Ten
62%
Week 3 (10/7)16Wisconsin20Big Ten
62%
Week 10 (11/25)14Wisconsin63Big Ten
62%
Week 4 (10/14)13Wisconsin30Big Ten
62%
Week 11 (12/2)19Wisconsin63Big Ten
62%
Week 1 (9/23)11Baylor10Southwest
54%
Preseason7Baylor00Southwest
54%
Week 2 (9/30)11Baylor20Southwest
54%
Preseason12Navy00Independent
54%
Week 11 (12/2)5Navy811Independent
54%
Week 8 (11/11)9Navy611Independent
54%
Week 2 (9/30)6Navy20Independent
54%
Week 5 (10/21)16Navy41Independent
54%
Week 1 (9/23)5Navy10Independent
54%
Week 10 (11/25)8Navy711Independent
54%
Week 4 (10/14)15Navy31Independent
54%
Week 6 (10/28)16Navy51Independent
54%
Week 7 (11/4)7Navy61Independent
54%
Week 9 (11/18)7Navy711Independent
54%
Week 2 (9/30)9Oregon State20Pacific Coast
54%
Preseason13Oregon State00Pacific Coast
54%
Week 4 (10/14)7Oregon State40Pacific Coast
54%
Week 10 (11/25)19Oregon State82Pacific Coast
54%
Week 1 (9/23)9Oregon State10Pacific Coast
54%
Week 3 (10/7)7Oregon State30Pacific Coast
54%
Week 3 (10/7)15Rice20Southwest
54%
Week 5 (10/21)13Rice31Southwest
54%
Week 4 (10/14)19Rice21Southwest
54%
Week 10 (11/25)9Rice63Southwest
54%
Week 11 (12/2)8Rice73Southwest
54%
Week 8 (11/11)20Rice43Southwest
54%
Week 1 (9/23)18Rice10Southwest
54%
Week 9 (11/18)13Rice53Southwest
54%
Week 6 (10/28)20Dartmouth50Ivy League
38%
Week 1 (9/23)14Houston10Missouri Valley
31%
Week 7 (11/4)20VMI601SoCon
8%
Week 8 (11/11)13VMI701SoCon
8%
Week 9 (11/18)16VMI801SoCon
8%
Week 10 (11/25)17VMI801SoCon
8%
Week 11 (12/2)20VMI901SoCon
8%

Score Distribution

Percentile by Number Answered

Percent of People with Each Score

Your Score History

You have not taken this quiz